Thuyết lượng tử về nguyên tử và phân tử

Phân tử nhiều nguyên tử, phổ phân tử. Phân tử hữu cơ liên hợp. Phức chất của nguyên tố chuyển tiếp. Sự bảo tồn đối xứng obitan trong phản ứng hóa học. Một số phương pháp MO hiện đại.

Đã lưu trong:
书目详细资料
主要作者: Nguyễn, Đình Huề
格式: 图书
语言:Undetermined
出版: Hà Nội Giáo dục 1986
主题:
标签: 添加标签
没有标签, 成为第一个标记此记录!
Thư viện lưu trữ: Trung tâm Học liệu Trường Đại học Cần Thơ
LEADER 00912nam a2200205Ia 4500
001 CTU_106643
008 210402s9999 xx 000 0 und d
020 |c 11400 
082 |a 541.28 
082 |b H507/T2 
100 |a Nguyễn, Đình Huề 
245 0 |a Thuyết lượng tử về nguyên tử và phân tử 
245 0 |c Nguyễn Đình Huề 
260 |a Hà Nội 
260 |b Giáo dục 
260 |c 1986 
520 |a Phân tử nhiều nguyên tử, phổ phân tử. Phân tử hữu cơ liên hợp. Phức chất của nguyên tố chuyển tiếp. Sự bảo tồn đối xứng obitan trong phản ứng hóa học. Một số phương pháp MO hiện đại. 
650 |a Quantum chemistry,Quantum theory 
904 |i Q. Hiếu (sửa) 
980 |a Trung tâm Học liệu Trường Đại học Cần Thơ